|
|
แสดงรายละเอียดบรรณานุกรม |
|
|
Brief Record
: Get Marc (ISO 2709)
: E-mail record
: |
|
|
| LEADER 00000nam 2200000uu 4500 | |||
| 001 211310 | |||
| 003 ULIBM | |||
| 008 020711s2558 th a 000 0 tha d | |||
| 020 9786165519663 | |||
| 041 ^atha | |||
| 060 4 WI141 ค152 2558 | |||
| 245 ครบ ชัด ลึก เรื่องมะเร็งระบบทางเดินอาหาร/^cสาขาวิชาโรคระบบทางเดินอาหาร ภาควิชาอายุรศาสตร์ คณะแพทยศาสตร์ จุฬาลงกรณ์มหาวิทยาลัยและหน่วยทางเดินอาหาร โรงพยาบาลจุฬาลงกรณ์ สภากาชาดไทย | |||
| 250 พิมพ์ครั้งที่ 1 | |||
| 260 กรุงเทพ :^bภาควิชาอายุรศาสตร์ คณะแพทยศาสตร์ จุฬาลงกรณ์มหาวิทยาลัยฯ,^c2558 | |||
| 300 144 หน้า :^bภาพประกอบ ;^c21 ซม. | |||
| 650 4 กระพาะอาหารและลำไส้,ระบบ^xมะเร็ง | |||
| 650 4 ^aมะเร็ง^xการรักษา | |||
| 710 2 ^aจุฬาลงกรณ์มหาวิทยาลัย. คณะแพทยศาสตร์. ภาควิชาอายุรศาสตร์. สาขาวิชาโรคระบบทางเดินอาหาร | |||
| 710 2 ^aสภากาชาดไทย. โรงพยาบาลจุฬาลงกรณ์. หน่วยทางเดินอาหาร | |||
| 999 ^aใช้งานได้ทุกระบบ | |||
| คุณยังไม่ได้ล็อกอิน คุณสามารถมีกิจกรรมร่วมกับเว็บไซต์ได้ แต่ต้องล็อกอินก่อน :: |
|
| สถานะ | |||||||||
| 1. | หนังสือทั่วไป | WI141 ค152 2558 | On Shelf ขอยืม | ||||||
| Note:งบประมาณปี2559 | |||||||||
| 2. | หนังสือทั่วไป | WI141 ค152 2558 ฉ.2 | On Shelf ขอยืม | ||||||
| Note:งบประมาณปี2559 | |||||||||
| 3. | หนังสือทั่วไป | WI141 ค152 2558 ฉ.3 | ถูกยืม กำหนดส่งวันที่ จอง | ||||||
| Note:งบประมาณปี2559 | |||||||||
| 4. | หนังสือทั่วไป | WI141 ค152 2558 ฉ.4 | On Shelf ขอยืม | ||||||
| Note:งบประมาณปี2559 | |||||||||
| 5. | หนังสือทั่วไป | WI141 ค152 2558 ฉ.5 | On Shelf ขอยืม | ||||||
| Note:งบประมาณปี2559 | |||||||||
| [แสดง 5/5 รายการ] | |||||||||
| รายการใกล้เคียง หัวเรื่อง [มะเร็ง การรักษา]
|
BibComment |
| คอมเมนท์ทรัพยากรรายการนี้ |
|
|